Statystyki dla Girl in Red - Wszystkie piosenki

Kliknij tutaj aby rozwiązać quiz!

Ogólne statystyki

  • Ten quiz został rozwiązany 30 razy
  • Średni wynik to 10 z 27

Statystyki odpowiedzi

Tytuł piosenki% Poprawnych
we fell in love in october
95%
girls
75%
i wanna be your girlfriend
75%
bad idea
60%
Rue
60%
Serotonin
60%
summer depression
55%
dead girl in the pool
45%
You Stupid Bitch
45%
4am
40%
Body And Mind
40%
i need to be alone
40%
hornylovesickmess
35%
midnight love
35%
forget her
30%
I'll Call You Mine
30%
i'll die anyway
30%
watch you sleep
30%
Apartament 402
25%
Did You Come
25%
say anything
20%
it would feel like this
15%
Say It
15%
something new
15%
kate's not here
10%
two queens in a kind sized bed
5%
.
0%

Rozkład punktacji

Percentyl według liczby udzielonych odpowiedzi

Procent ludzi z każdym wynikiem

Twoja historia wyników

Nie rozwiązałeś tego quizu